Documentación
Contenido: Elena Saracero: Alternativas.-Elena Saracero: Why the European union needs a rural development.-Elena Saracero: Urban-Rural linkages, internal diversification and external integration: a European experience.- Fernando Oliviera Baptista.-José M° Sumpsi: nueva orientación de la política agr...
Guardat en:
| Format: | Text |
|---|---|
| Publicat: |
Madrid:
M.A.P.A.
|
| Etiquetes: |
Afegir etiqueta
Sense etiquetes, Sigues el primer a etiquetar aquest registre!
|
MARC
| LEADER | 00000 a a2200000 04500 | ||
|---|---|---|---|
| 001 | 26517 | ||
| 003 | |||
| 040 | |||
| 090 | |a 148700 | ||
| 245 | |a Documentación | ||
| 260 | |a Madrid: |b M.A.P.A. | ||
| 300 | |a p. irreg; vol. 1 |b **no definido** | ||
| 500 | |a Cada artículo tiene su propia bibliografía | ||
| 520 | |a Contenido: Elena Saracero: Alternativas.-Elena Saracero: Why the European union needs a rural development.-Elena Saracero: Urban-Rural linkages, internal diversification and external integration: a European experience.- Fernando Oliviera Baptista.-José M° Sumpsi: nueva orientación de la política agraria y rural en la U.E.- Isabel Benito: La mujer en el desarrollo rural.- Eduardo Pérez Haro: La experiencia del programa de zonas marginadas en Mejico.-Roberto García Torrente: Los instrumentos financieros del desarrollo rural.-Luis Llambi, Wladimir Zanoni: experiencias de desarrollo rural en los Andes y en el Amazonas venezolano.-Cristina López: Diversificación y desarrollo rural en el levante Español.-Tomás Aránguez Toledano: Las cooperativas agrarias en el desarrollo rural el caso de C.O.V.A.P | ||
| 999 | |c 6061 |d 6061 | ||
